| 000 | 03714ngm a2200709Ka 4500 | ||
|---|---|---|---|
| 001 | ocn739120388 | ||
| 003 | OCoLC | ||
| 005 | 20220208150543.0 | ||
| 007 | vd cvaizq | ||
| 008 | 110706s2011 cau000 vleng d | ||
| 020 | _c29.95 | ||
| 024 | 1 | _a024543718680 | |
| 028 | 4 | 0 |
_a2271868 _b20th Century Fox Home Entertainment |
| 035 | _a(OCoLC)739120388 | ||
| 037 |
_bMidwest Tape _nhttp://www.midwesttapes.com |
||
| 040 |
_aTEFMT _cTEFMT _dBTCTA _dTEF _dNUI _dWIQ _dIUL _dWACOL _erda |
||
| 041 | 1 |
_aeng _heng |
|
| 049 | _aWACL | ||
| 050 | 4 |
_aPN1992.77 _b.G54 2011 |
|
| 082 | 0 | 4 |
_a791.45/75 _223 |
| 092 |
_aDVD _bGle |
||
| 130 | 0 |
_aGlee (Television program) _nSeason 2. _95869199 |
|
| 245 | 1 | 0 |
_aGlee, the complete second season _h[videorecording]. |
| 260 |
_aBeverly Hills, CA : _bTwentieth Century Fox Home Entertainment, _cc2011. |
||
| 264 |
_aBeverly Hills, CA : _bTwentieth Century Fox Home Entertainment, _cc2011. |
||
| 300 |
_a6 videodiscs (1001 min.) : _bsd., col. ; _c4 3/4 in. |
||
| 500 | _aTitle from web page. | ||
| 500 | _aOriginally broadcast as episodes of the television series. | ||
| 500 | _aRelease date: Sep. 13, 2011. | ||
| 500 | _aSpecial features: Glee music jukebox; The making of The Rocky Horror glee show; bonus song; Getting waxed with Jane Lynch; A day in the life of Brittany; Shooting Glee in NYC; more. | ||
| 505 | 0 | 0 |
_gDisc 1. 1. _tAudition ; _g2. _tBritney/Brittany ; _g3. _tGrilled cheesus ; _g4. _tDuets. _gdisc 2. 5. _tThe Rocky horror Glee show ; _g6. _tNever been kissed ; _g7. _tThe substitute ; _g8. _tFurt. _gdisc 3. 9. _tSpecial education ; _g10. _tA very Glee Christmas ; _g11. _tThe Sue Sylvester shuffle ; _g12. _tSilly love songs. _gdisc 4. 13. _tComeback ; _g14. _tBlame it on the alcohol ; _g15. _tSexy ; _g16. _tOriginal song. _gdisc 5. 17. _tA night of neglect ; _g18. _tBorn this way ; _g19. _tRumours. _gdisc 6 20. _tProm queen ; _g21. _tFuneral ; _g22. _tNew York. |
| 511 | 1 | _aJane Lynch, Lea Michele, Matthew Morrison, Dianna Agron, Chris Colfer, Amber Riley, Jayma Mays, Kevin McHale, Lea Michele, Cory Monteith, Matthew Morrison, Mark Salling, Jenna Ushkowitz. | |
| 520 | _a"Despite their loss at the Regionals, the kids in New Directions are more motivated than ever. And whether it's Will doing a sexy tango with a substitute teacher, Sue joining the glee club, or everyone catching Bieber fever, the excitement at William McKinley High School is keeping everyone on their toes."--Container. | ||
| 521 | 8 | _aNot rated. | |
| 538 | _aDVD; Dolby Digital 5.1; widescreen. | ||
| 546 | _aClosed-captioned. | ||
| 546 | _aEnglish dialogue; English, French or Spanish subtitles. | ||
| 650 | 0 |
_aGlee clubs _vDrama. _96440271 |
|
| 650 | 0 |
_aHigh school students _vDrama. _95674328 |
|
| 650 | 7 |
_aCoros (Música) _vTeatro. _2bidex _96440272 |
|
| 650 | 7 |
_aEscuelas secundarias _vTeatro. _2bidex _95674332 |
|
| 655 | 7 |
_aTelevision programs. _2lcgft _95869202 |
|
| 655 | 7 |
_aTelevision musicals. _2lcgft _95688211 |
|
| 655 | 7 |
_aVideo recordings for the hearing impaired. _2lcgft _95869203 |
|
| 700 | 1 |
_aLynch, Jane, _d1960- _95732056 |
|
| 700 | 1 |
_aMichele, Lea. _95869204 |
|
| 700 | 1 |
_aMorrison, Matthew, _d1978- _95864517 |
|
| 700 | 1 |
_aAgron, Dianna, _d1986- _95775356 |
|
| 700 | 1 |
_aColfer, Chris, _d1990- _95708233 |
|
| 700 | 1 |
_aRiley, Amber. _95766122 |
|
| 700 | 1 |
_aMays, Jayma, _d1979- _95869205 |
|
| 700 | 1 |
_aMcHale, Kevin, _d1988- _95869206 |
|
| 700 | 1 |
_aMonteith, Cory, _d1982- _95869207 |
|
| 700 | 1 |
_aSalling, Mark, _d1982- _95869208 |
|
| 700 | 1 |
_aUshkowitz, Jenna, _d1986- _95869209 |
|
| 710 | 2 |
_aTwentieth Century Fox Home Entertainment, Inc. _961951 |
|
| 942 |
_cDVD _2ddc |
||
| 948 |
_a02/06/2012 _zSirsi |
||
| 999 |
_c277066 _d277066 |
||